000 01629nam0a22002651 4500
001 v19\rc\1409401
005 20260407121122.0
035 _a(NLR Aleph) 005223102
090 _a5525956
_c5525956
100 _a20060512d1877 |||y0rusy50 ca
101 0 _arus
102 _aRU
105 _ay z |||||
200 1 _aПротоколы соединенных заседаний съездов представителей железных дорог 3-х групп и представителей дорог, к группам не принадлежащих, созванных по предложению Управления железных дорог для обсуждения вопросов, связанных с мероприятиями для облегчения усиленной перевозки хлебных грузов из России заграницу при условиях закрытия, в случае военных действий: а) портов Черного и Азовского морей и б) всех русских портов. С.-Петербург
210 _a[Санкт-Петербург]
_cтип. т-ва "Обществ. польза"
_dценз. 1877
215 _a22 с.
_d34
309 _aБез тит. л. и обл.
712 0 1 _aРоссия
_bУправление железных дорог
_9404446
_3RU\NLR\AUTH\889954240
801 0 _aRU
_bNLR
_c20060512
_gpsbo
801 0 _aRU
_bRuMoRGB
_c20060512
_2psbo
801 1 _aRU
_bProSoft-M
_c20060512
_2rusmarc
801 2 _aRU
_bNLR
_c20110621
_2rusmarc
852 _aNLR
_j18.122.7.374
942 _cBOOK
980 _aNB